[Event "Madrid-chT 1920"]
[Site "Madrid"]
[Date "2020.01.26"]
[Round "6.3"]
[White "Perez Gonzalez, Jose Manuel"]
[Black "Cabrera Trujillo, Jorge Juan"]
[Result "1-0"]
[WhiteElo "2181"]
[BlackElo "2294"]
[PlyCount "53"]
[EventDate "2019.11.24"]
[EventType "team-tourn"]
[EventRounds "14"]
[EventCountry "ESP"]
[SourceVersionDate "2019.11.24"]
[WhiteTeam "Liberty Chess"]
[BlackTeam "Virgen de Atocha"]
[WhiteTeamCountry "ESP"]
[BlackTeamCountry "ESP"]

1. e4 c5 2. Nf3 d6 3. d4 cxd4 4. Nxd4 Nf6 5. Nc3 a6 6. Bc4 e6 7. O-O Be7 8. Bb3
O-O 9. f4 Nbd7 10. Be3 Nc5 11. Qf3 Qc7 12. g4 b5 13. g5 Nfxe4 14. Nxe4 Bb7 15.
Nxe6 fxe6 16. Nxc5 dxc5 17. Bxe6+ Kh8 18. Bd5 Bxd5 19. Qxd5 Rad8 20. Qg2 Rf5
21. Rad1 Rff8 22. Rd5 Rxd5 23. Qxd5 Bd6 24. Rf3 h6 25. gxh6 gxh6 26. Qe6 Kh7
27. Rg3 1-0

[Event "Madrid-chT 1920"]
[Site "Madrid"]
[Date "2020.01.26"]
[Round "6.4"]
[White "Vazquez Torres, Adrian"]
[Black "Barraza Caracuel, Ignacio"]
[Result "1/2-1/2"]
[WhiteElo "2147"]
[BlackElo "2148"]
[PlyCount "56"]
[EventDate "2019.11.24"]
[EventType "team-tourn"]
[EventRounds "14"]
[EventCountry "ESP"]
[SourceVersionDate "2019.11.24"]
[WhiteTeam "Virgen de Atocha"]
[BlackTeam "Liberty Chess"]
[WhiteTeamCountry "ESP"]
[BlackTeamCountry "ESP"]

1. e4 c5 2. Nf3 d6 3. d4 cxd4 4. Nxd4 Nf6 5. Nc3 Nc6 6. Bc4 e6 7. Be3 a6 8. a4
Be7 9. h3 Bd7 10. O-O Rc8 11. Ba2 O-O 12. f4 Nb4 13. Bb3 d5 14. e5 Ne4 15. Nxe4
dxe4 16. Qg4 Bc5 17. Rad1 Qe7 18. c3 Nd3 19. Qe2 g6 20. Kh1 Rfd8 21. Bg1 Bxd4
22. Bxd4 Bc6 23. Rd2 Rd7 24. Qe3 Rcd8 25. Bb6 Rc8 26. Kh2 h5 27. Bd4 Rcd8 28.
Bb6 Rc8 1/2-1/2

[Event "Madrid-chT 1920"]
[Site "Madrid"]
[Date "2020.01.26"]
[Round "6.6"]
[White "Rodrigo Yanguas, Maria"]
[Black "De Fuenmayor Fernandez, Carlos Pablo"]
[Result "1-0"]
[WhiteElo "2098"]
[BlackElo "1363"]
[PlyCount "90"]
[EventDate "2019.11.24"]
[EventType "team-tourn"]
[EventRounds "14"]
[EventCountry "ESP"]
[SourceVersionDate "2019.11.24"]
[WhiteTeam "Virgen de Atocha"]
[BlackTeam "Liberty Chess"]
[WhiteTeamCountry "ESP"]
[BlackTeamCountry "ESP"]

1. e4 e5 2. Nf3 Nc6 3. Bb5 Nge7 4. O-O g6 5. c3 Bg7 6. d4 exd4 7. cxd4 O-O 8.
d5 Ne5 9. Nxe5 Bxe5 10. f4 Bg7 11. f5 f6 12. d6 cxd6 13. Qxd6 Qb6+ 14. Qxb6
axb6 15. g4 Ra5 16. Nc3 gxf5 17. exf5 d5 18. Be3 Nc6 19. Bxb6 Rxb5 20. Nxb5 Bh6
21. Rad1 Ne5 22. h3 Nc4 23. Bf2 Nd2 24. Rxd2 Bxd2 25. Rd1 Bd7 26. Rxd2 Bxb5 27.
Rxd5 Bc6 28. Rd6 Kg7 29. Bd4 h6 30. Kf2 Rf7 31. Bc3 Rf8 32. h4 Rf7 33. g5 hxg5
34. hxg5 Be4 35. Bxf6+ Kg8 36. g6 Rf8 37. g7 Rc8 38. Rb6 Rc6 39. Rxc6 bxc6 40.
Ke3 Bxf5 41. a4 Bc8 42. Kd4 Be6 43. Kc5 Kf7 44. Bc3 Bc8 45. Kxc6 Ba6 1-0

[Event "Madrid-chT 1920"]
[Site "Madrid"]
[Date "2020.02.02"]
[Round "7.1"]
[White "Martinez Reyes, Pedro Ramon"]
[Black "Vazquez Igarza, Renier"]
[Result "1/2-1/2"]
[WhiteElo "2407"]
[BlackElo "2550"]
[PlyCount "34"]
[EventDate "2019.11.24"]
[EventType "team-tourn"]
[EventRounds "14"]
[EventCountry "ESP"]
[SourceVersionDate "2019.11.24"]
[WhiteTeam "Blanco y Negro"]
[BlackTeam "Collado Villalba"]
[WhiteTeamCountry "ESP"]
[BlackTeamCountry "ESP"]

1. e4 e5 2. Nf3 Nc6 3. Bb5 a6 4. Ba4 Nf6 5. Bxc6 dxc6 6. d3 Nd7 7. Nbd2 Bd6 8.
Nc4 c5 9. O-O O-O 10. c3 Re8 11. Nxd6 cxd6 12. Re1 Qc7 13. d4 b6 14. dxe5 dxe5
15. Be3 Bb7 16. Nd2 b5 17. Qe2 c4 1/2-1/2

[Event "Madrid-chT 1920"]
[Site "Madrid"]
[Date "2020.02.02"]
[Round "7.2"]
[White "Pulvett Marin, Daniel Eduardo"]
[Black "Sanchez Saez, Francisco"]
[Result "1-0"]
[WhiteElo "2489"]
[BlackElo "2346"]
[PlyCount "72"]
[EventDate "2019.11.24"]
[EventType "team-tourn"]
[EventRounds "14"]
[EventCountry "ESP"]
[SourceVersionDate "2019.11.24"]
[WhiteTeam "Collado Villalba"]
[BlackTeam "Blanco y Negro"]
[WhiteTeamCountry "ESP"]
[BlackTeamCountry "ESP"]

1. d4 Nf6 2. c4 c5 3. d5 e6 4. Nc3 exd5 5. cxd5 d6 6. Nf3 g6 7. h3 Bg7 8. e4 a6
9. a4 Nbd7 10. Bd3 Nh5 11. Bg5 Bf6 12. Be3 Ne5 13. Be2 Nxf3+ 14. Bxf3 Ng7 15.
O-O O-O 16. Qd2 Re8 17. Rab1 b5 18. axb5 axb5 19. b4 cxb4 20. Nxb5 Ba6 21. Rxb4
Be5 22. Rfb1 f5 23. Nd4 Qf6 24. Bg5 Qf7 25. Nc6 Bf6 26. Bxf6 Qxf6 27. Ra4 fxe4
28. Bxe4 Bb7 29. Qd4 Qxd4 30. Rxd4 Bc8 31. g4 Kf7 32. Kg2 h5 33. Bc2 Kf6 34.
Rf4+ Kg5 35. Rf7 Ra2 36. Nb4 hxg4 1-0

[Event "Madrid-chT 1920"]
[Site "Madrid"]
[Date "2020.02.02"]
[Round "7.3"]
[White "Ballester Llagaria, Luis Eduardo"]
[Black "Moreno Ruiz, Javier"]
[Result "0-1"]
[WhiteElo "2326"]
[BlackElo "2434"]
[PlyCount "116"]
[EventDate "2019.11.24"]
[EventType "team-tourn"]
[EventRounds "14"]
[EventCountry "ESP"]
[SourceVersionDate "2019.11.24"]
[WhiteTeam "Blanco y Negro"]
[BlackTeam "Collado Villalba"]
[WhiteTeamCountry "ESP"]
[BlackTeamCountry "ESP"]

1. e4 e6 2. d4 d5 3. Nd2 c5 4. Ngf3 Nc6 5. exd5 exd5 6. Bb5 Qe7+ 7. Be2 Qc7 8.
O-O Nf6 9. Re1 Be6 10. c4 cxd4 11. Nb3 Bb4 12. Bd2 Bxd2 13. Qxd2 Ne4 14. Qd1
O-O 15. c5 Qe7 16. Rc1 Rac8 17. Nfxd4 Qf6 18. Bf3 Nxd4 19. Qxd4 Qxd4 20. Nxd4
Nxc5 21. Nxe6 fxe6 22. Bg4 Rc6 23. b4 Rf4 24. b5 Rc7 25. f3 Kf8 26. Rc3 b6 27.
a3 Rf6 28. a4 Ke7 29. a5 Kd6 30. axb6 axb6 31. Ra3 Rf8 32. Rea1 Rfc8 33. Kf2
Nd7 34. Re1 Ne5 35. Bxe6 Rc3 36. Ra6 Nd3+ 37. Kf1 Rb8 38. Re3 Rc1+ 39. Ke2 Nc5
40. Kd2 Rg1 41. Bh3 Nxa6 42. bxa6 Ra1 43. Re6+ Kc5 44. Re7 Rxa6 45. Rxg7 Ra2+
46. Ke3 d4+ 47. Kd3 Ra3+ 48. Kd2 h6 49. Rc7+ Kd5 50. Rd7+ Ke5 51. Re7+ Kf6 52.
Re6+ Kg7 53. Re7+ Kh8 54. Rd7 b5 55. Rxd4 b4 56. Kc2 b3+ 57. Kb2 Ra2+ 58. Kb1
Rf2 0-1

[Event "Madrid-chT 1920"]
[Site "Madrid"]
[Date "2020.02.02"]
[Round "7.4"]
[White "Quispe Arteaga, Gabriel"]
[Black "Renteria Becerra, Jorge Elicer"]
[Result "1-0"]
[WhiteElo "2407"]
[BlackElo "2307"]
[PlyCount "79"]
[EventDate "2019.11.24"]
[EventType "team-tourn"]
[EventRounds "14"]
[EventCountry "ESP"]
[SourceVersionDate "2019.11.24"]
[WhiteTeam "Collado Villalba"]
[BlackTeam "Blanco y Negro"]
[WhiteTeamCountry "ESP"]
[BlackTeamCountry "ESP"]

1. c4 Nf6 2. Nf3 g6 3. b3 Bg7 4. Bb2 O-O 5. g3 d6 6. d4 c5 7. Bg2 cxd4 8. Nxd4
Qb6 9. O-O Nc6 10. e3 Bg4 11. Qd2 Rfc8 12. Na3 Bd7 13. Rfd1 Ne5 14. Rac1 Bc6
15. Nxc6 Nxc6 16. Nb5 Rd8 17. Nd4 a5 18. Bc3 Nd7 19. Nb5 Nb4 20. Bb2 Bxb2 21.
Qxb2 Nc5 22. Bf1 Nc6 23. Rb1 Ne5 24. Be2 Rac8 25. Nc3 e6 26. Nb5 f6 27. f4 Nc6
28. Bf3 Nd7 29. Kf2 d5 30. Nd6 Rc7 31. cxd5 Nb4 32. Nc4 Qa6 33. dxe6 b5 34. a3
bxc4 35. bxc4 Rxc4 36. axb4 Rdc8 37. Rd2 Rxb4 38. Qa2 Rxb1 39. exd7+ Kg7 40.
Qxb1 1-0

[Event "Madrid-chT 1920"]
[Site "Madrid"]
[Date "2020.02.02"]
[Round "7.5"]
[White "Alarcia Astiz, Carlos"]
[Black "Suarez Uriel, Adrian"]
[Result "1-0"]
[WhiteElo "2302"]
[BlackElo "2371"]
[PlyCount "106"]
[EventDate "2019.11.24"]
[EventType "team-tourn"]
[EventRounds "14"]
[EventCountry "ESP"]
[SourceVersionDate "2019.11.24"]
[WhiteTeam "Blanco y Negro"]
[BlackTeam "Collado Villalba"]
[WhiteTeamCountry "ESP"]
[BlackTeamCountry "ESP"]

1. e4 c5 2. Nf3 Nc6 3. d4 cxd4 4. Nxd4 g6 5. Nc3 Bg7 6. Be3 Nf6 7. Bc4 O-O 8.
Bb3 Re8 9. f3 e6 10. O-O d5 11. exd5 Nxd5 12. Nxd5 exd5 13. Bf2 Qg5 14. Kh1 Qh5
15. Nxc6 bxc6 16. Bd4 Bf8 17. Re1 Rxe1+ 18. Qxe1 Bd7 19. Qg1 a5 20. a4 Re8 21.
Bb6 Bb4 22. Bc7 Bd2 23. Rd1 Qg5 24. Qf2 Be3 25. Qg3 Qf6 26. Bxa5 h5 27. Bc7 h4
28. Qd6 Qf5 29. h3 Kh7 30. a5 g5 31. Qb4 Qf6 32. Qd6 Qf5 33. Qb4 Bc8 34. Qa4
Qe6 35. Re1 Qd7 36. Bh2 Bd2 37. Rd1 Qe6 38. Qd4 Bxa5 39. c4 Qe2 40. Qf6 Qe7 41.
Qxe7 Rxe7 42. cxd5 cxd5 43. Bxd5 Bf5 44. Bc4 Bc2 45. Rc1 Bd2 46. Ra1 f6 47. Bg1
Kg6 48. b3 Bf4 49. b4 Rc7 50. Bf1 Be5 51. Rc1 Kf7 52. b5 Bf4 53. b6 Rb7 1-0

[Event "Madrid-chT 1920"]
[Site "Madrid"]
[Date "2020.02.02"]
[Round "7.6"]
[White "Lianes Garcia, Marcos"]
[Black "Hidalgo Duque, Carlos"]
[Result "1/2-1/2"]
[WhiteElo "2358"]
[BlackElo "2259"]
[PlyCount "120"]
[EventDate "2019.11.24"]
[EventType "team-tourn"]
[EventRounds "14"]
[EventCountry "ESP"]
[SourceVersionDate "2019.11.24"]
[WhiteTeam "Collado Villalba"]
[BlackTeam "Blanco y Negro"]
[WhiteTeamCountry "ESP"]
[BlackTeamCountry "ESP"]

1. d4 d5 2. c4 e6 3. Nf3 Nf6 4. e3 b6 5. b3 Bb7 6. Bd3 Bd6 7. Bb2 O-O 8. O-O
Nbd7 9. Nbd2 Ne4 10. Qc2 f5 11. Ne5 c5 12. Rad1 Rc8 13. Qb1 Rc7 14. f3 Nxd2 15.
Rxd2 cxd4 16. Nxd7 Rxd7 17. exd4 dxc4 18. Bxc4 Bd5 19. Bxd5 exd5 20. Re2 Re7
21. Rfe1 Rfe8 22. Qd3 Bb4 23. Rxe7 Rxe7 24. Rxe7 Qxe7 25. Bc3 f4 26. Bd2 Bxd2
27. Qxd2 Qf6 28. Qc3 g5 29. Qc8+ Kg7 30. Qd7+ Qf7 31. Qd6 Qf5 32. Qe7+ Kg6 33.
Qe8+ Kg7 34. h3 h6 35. Kh2 Qf7 36. Qe5+ Kg6 37. Qd6+ Kg7 38. a4 Qf5 39. Qe7+
Qf7 40. Qd6 Qf5 41. Qc7+ Qf7 42. Qc6 Kh7 43. b4 Kg7 44. a5 bxa5 45. bxa5 Kh7
46. a6 Kg7 47. Qb7 Kg6 48. Qc8 Kf6 49. Qh8+ Kg6 50. Qe5 Qf5 51. Qd6+ Kg7 52.
Qd8 Qe6 53. Qc7+ Qf7 54. Qb8 Kg6 55. Qb7 Kf6 56. Qa8 Kg6 57. Kg1 Qe6 58. Kh2
Qe1 59. Qg8+ Kh5 60. Qxd5 Qg3+ 1/2-1/2

[Event "Madrid-chT 1920"]
[Site "Madrid"]
[Date "2020.02.02"]
[Round "7.1"]
[White "Elissalt Cardenas, Hector"]
[Black "Sanchez Gonzalez, Sergio"]
[Result "1-0"]
[WhiteElo "2267"]
[BlackElo "2286"]
[PlyCount "73"]
[EventDate "2019.11.24"]
[EventType "team-tourn"]
[EventRounds "14"]
[EventCountry "ESP"]
[SourceVersionDate "2019.11.24"]
[WhiteTeam "Tajamar"]
[BlackTeam "Liberty Chess"]
[WhiteTeamCountry "ESP"]
[BlackTeamCountry "ESP"]

1. c4 Nf6 2. Nc3 c5 3. g3 e6 4. Nf3 b6 5. Bg2 Bb7 6. O-O Be7 7. Re1 Ne4 8. Nxe4
Bxe4 9. d3 Bb7 10. e4 O-O 11. d4 cxd4 12. Nxd4 d6 13. b3 Nd7 14. Bb2 a6 15. Qd2
Qc7 16. f4 Rfe8 17. Rad1 Bf8 18. Kh1 Rad8 19. Qe2 e5 20. Nf5 Nc5 21. Qg4 g6 22.
Qg5 h5 23. Rd5 Bxd5 24. exd5 Nd3 25. fxe5 Nxb2 26. e6 Bg7 27. Nxg7 Kxg7 28. Qd2
fxe6 29. dxe6 Nxc4 30. bxc4 Qxc4 31. Bd5 Qc5 32. Rc1 Rc8 33. Rxc5 Rxc5 34. Qd4+
Kh7 35. Qf6 Rc7 36. Be4 Rg7 37. Bxg6+ 1-0

[Event "Madrid-chT 1920"]
[Site "Madrid"]
[Date "2020.02.02"]
[Round "7.2"]
[White "Fernandez Garcia, Miguel Angel"]
[Black "Rodriguez Lopez, David"]
[Result "1-0"]
[WhiteElo "2260"]
[BlackElo "2160"]
[PlyCount "85"]
[EventDate "2019.11.24"]
[EventType "team-tourn"]
[EventRounds "14"]
[EventCountry "ESP"]
[SourceVersionDate "2019.11.24"]
[WhiteTeam "Liberty Chess"]
[BlackTeam "Tajamar"]
[WhiteTeamCountry "ESP"]
[BlackTeamCountry "ESP"]

1. d4 d5 2. c4 e6 3. Nf3 Be7 4. g3 Nf6 5. Bg2 O-O 6. O-O Nbd7 7. Qc2 c6 8. Nbd2
b6 9. e4 Nxe4 10. Nxe4 dxe4 11. Qxe4 Bb7 12. Rd1 Qc8 13. Qe2 Re8 14. Bg5 Bf8
15. Ne5 f6 16. Nxd7 Qxd7 17. Be3 Rad8 18. Qc2 Kh8 19. Rd2 Qc8 20. Rad1 Qa8 21.
c5 b5 22. f4 f5 23. h4 g6 24. h5 Bg7 25. Bf3 Kg8 26. Bf2 a5 27. Re1 Bc8 28. Qb3
Bd7 29. g4 Qb8 30. Qe3 Bh6 31. Bg3 Kf7 32. Bd1 Bg7 33. Qf3 fxg4 34. Qxg4 e5 35.
hxg6+ hxg6 36. Bb3+ Be6 37. f5 Bxb3 38. fxg6+ Kg8 39. axb3 Qa7 40. Qh5 Bh8 41.
Rh2 Bf6 42. dxe5 Rd3 43. exf6 1-0

[Event "Madrid-chT 1920"]
[Site "Madrid"]
[Date "2020.02.02"]
[Round "7.3"]
[White "Mkrtchyan, Levon"]
[Black "Perez Gonzalez, Jose Manuel"]
[Result "1-0"]
[WhiteElo "2198"]
[BlackElo "2205"]
[PlyCount "107"]
[EventDate "2019.11.24"]
[EventType "team-tourn"]
[EventRounds "14"]
[EventCountry "ESP"]
[SourceVersionDate "2019.11.24"]
[WhiteTeam "Tajamar"]
[BlackTeam "Liberty Chess"]
[WhiteTeamCountry "ESP"]
[BlackTeamCountry "ESP"]

1. e4 c5 2. Nf3 Nc6 3. d4 cxd4 4. Nxd4 g6 5. Be3 Nf6 6. Nc3 Bg7 7. Bc4 Qa5 8.
O-O O-O 9. Bb3 d6 10. f3 Bd7 11. Qd2 Nxd4 12. Bxd4 Bc6 13. Rad1 Nd7 14. Bxg7
Kxg7 15. Qd4+ Kg8 16. Bd5 Qb6 17. Qxb6 Nxb6 18. e5 Nxd5 19. Nxd5 Bxd5 20. Rxd5
dxe5 21. Rd7 Rab8 22. Rxe7 Rfd8 23. Re1 Rd2 24. Rc7 Re8 25. Kf1 Kf8 26. Rxb7
Rxc2 27. Re2 Rxe2 28. Kxe2 a5 29. Ra7 Rb8 30. b3 Rb5 31. Kd3 Rc5 32. a3 h5 33.
b4 axb4 34. axb4 Rc1 35. b5 Rb1 36. Kc4 f5 37. Kc5 e4 38. fxe4 fxe4 39. Ra3 Kf7
40. Re3 Rc1+ 41. Kd5 Rb1 42. Kc6 Rc1+ 43. Kd5 Rb1 44. Kc4 Rc1+ 45. Rc3 Re1 46.
b6 e3 47. Rb3 Rc1+ 48. Kd3 Rc8 49. Kxe3 Ke6 50. b7 Rb8 51. Rb6+ Ke5 52. Rb5+
Kd6 53. Kf4 Kc6 54. Rb2 1-0

[Event "Madrid-chT 1920"]
[Site "Madrid"]
[Date "2020.02.02"]
[Round "7.4"]
[White "Barraza Caracuel, Ignacio"]
[Black "Ingunza Curro, Andres"]
[Result "1/2-1/2"]
[WhiteElo "2128"]
[BlackElo "2101"]
[PlyCount "114"]
[EventDate "2019.11.24"]
[EventType "team-tourn"]
[EventRounds "14"]
[EventCountry "ESP"]
[SourceVersionDate "2019.11.24"]
[WhiteTeam "Liberty Chess"]
[BlackTeam "Tajamar"]
[WhiteTeamCountry "ESP"]
[BlackTeamCountry "ESP"]

1. Nf3 Nf6 2. b3 d5 3. g3 e6 4. Bg2 Be7 5. Bb2 O-O 6. O-O a5 7. a3 c5 8. c4 d4
9. b4 axb4 10. axb4 Rxa1 11. Bxa1 Nc6 12. bxc5 Bxc5 13. d3 e5 14. Nbd2 Be7 15.
Nb3 Bf5 16. Nh4 Be6 17. Bb2 Nd7 18. Nf3 Qb6 19. Bc1 f6 20. e3 dxe3 21. Bxe3 Qc7
22. Nfd2 Rd8 23. Ne4 Nb4 24. Qe2 b5 25. Rc1 bxc4 26. dxc4 Rc8 27. Nbd2 Qa5 28.
Nb3 Qa3 29. Ned2 Nc6 30. Bd5 Nf8 31. Qg4 Qd6 32. Bh6 g6 33. Bxf8 Qxd5 34. cxd5
Bxg4 35. Bxe7 Nxe7 36. Rxc8+ Nxc8 37. Ne4 Kf7 38. d6 Nb6 39. Nbc5 Bd7 40. f4
exf4 41. gxf4 Bc6 42. Nd2 Ke8 43. Kf2 f5 44. Ndb3 Nc4 45. Nd4 Bd7 46. h4 Nxd6
47. h5 Ke7 48. hxg6 hxg6 49. Nf3 Be8 50. Ng5 Nf7 51. Nxf7 Kxf7 52. Kg3 Kf6 53.
Kh4 Bc6 54. Nd3 Be4 55. Nc5 Bc6 56. Nd3 Be4 57. Nc5 Bc6 1/2-1/2

[Event "Madrid-chT 1920"]
[Site "Madrid"]
[Date "2020.02.02"]
[Round "7.5"]
[White "Martinez Aragon, Aitor"]
[Black "Suarez Triguero, Jose Alfonso"]
[Result "1-0"]
[WhiteElo "2060"]
[BlackElo "2043"]
[PlyCount "96"]
[EventDate "2019.11.24"]
[EventType "team-tourn"]
[EventRounds "14"]
[EventCountry "ESP"]
[SourceVersionDate "2019.11.24"]
[WhiteTeam "Tajamar"]
[BlackTeam "Liberty Chess"]
[WhiteTeamCountry "ESP"]
[BlackTeamCountry "ESP"]

1. e4 e6 2. d4 d5 3. Nd2 dxe4 4. Nxe4 Nd7 5. Nf3 Ngf6 6. Nxf6+ Nxf6 7. Bd3 b6
8. O-O Bb7 9. c3 Be7 10. Qe2 O-O 11. Bg5 h6 12. Bxf6 Bxf6 13. Be4 Bxe4 14. Qxe4
Qd5 15. Qxd5 exd5 16. Rfe1 Rfe8 17. Kf1 Kf8 18. Rxe8+ Rxe8 19. Re1 Rxe1+ 20.
Kxe1 Ke7 21. Kd2 Ke6 22. Ke3 Kf5 23. h3 h5 24. g3 g5 25. Nh2 g4 26. hxg4+ hxg4
27. Nf1 c5 28. b3 c4 29. Ke2 Bg5 30. bxc4 dxc4 31. Ne3+ Bxe3 32. Kxe3 b5 33. a4
a6 34. axb5 axb5 35. Kd2 Ke4 36. Kc2 f5 37. Kb2 f4 38. gxf4 Kxf4 39. Ka3 Kf3
40. d5 Kxf2 41. d6 g3 42. d7 g2 43. d8=Q g1=Q 44. Qd4+ Kf1 45. Qxg1+ Kxg1 46.
Kb4 Kf2 47. Kxb5 Ke3 48. Kxc4 Ke4 1-0

[Event "Madrid-chT 1920"]
[Site "Madrid"]
[Date "2020.02.02"]
[Round "7.6"]
[White "Contreras Jimenez, Jose Enrique"]
[Black "Sahuquillo Cruz, Alejandro"]
[Result "0-1"]
[WhiteElo "1679"]
[BlackElo "1983"]
[PlyCount "80"]
[EventDate "2019.11.24"]
[EventType "team-tourn"]
[EventRounds "14"]
[EventCountry "ESP"]
[SourceVersionDate "2019.11.24"]
[WhiteTeam "Liberty Chess"]
[BlackTeam "Tajamar"]
[WhiteTeamCountry "ESP"]
[BlackTeamCountry "ESP"]

1. d4 Nf6 2. c4 g6 3. Nc3 Bg7 4. Nf3 d6 5. Bg5 O-O 6. e4 Nbd7 7. Bd3 e5 8. dxe5
dxe5 9. O-O c6 10. Qe2 a5 11. Rad1 Qc7 12. h3 Nc5 13. Bc2 Ne6 14. Be3 Nh5 15.
Qd2 Rd8 16. Qc1 Nd4 17. Nh2 Be6 18. b3 Rac8 19. Rd2 b5 20. cxb5 cxb5 21. Bxd4
exd4 22. Nxb5 Qb6 23. Na3 d3 24. Rfd1 Bh6 25. g4 Nf6 26. Qb2 Bxd2 27. Rxd2 dxc2
28. Rxd8+ Qxd8 29. Nxc2 Qd1+ 30. Kg2 Qxc2 31. Qxf6 Qxe4+ 32. Kg3 Qd3+ 33. f3
Qd6+ 34. Qf4 Qxf4+ 35. Kxf4 Rc2 36. Nf1 Rxa2 37. Ne3 Bxb3 38. Ke4 a4 39. Kd4
Be6 40. Kc3 Ra3+ 0-1

[Event "Madrid-chT 1920"]
[Site "Madrid"]
[Date "2020.02.02"]
[Round "7.1"]
[White "Moreno Trujillo, Alejandro"]
[Black "Alcazar Jimenez, Victor Manuel"]
[Result "1-0"]
[WhiteElo "2505"]
[BlackElo "2360"]
[PlyCount "107"]
[EventDate "2019.11.24"]
[EventType "team-tourn"]
[EventRounds "14"]
[EventCountry "ESP"]
[SourceVersionDate "2019.11.24"]
[WhiteTeam "Villalba 64"]
[BlackTeam "Getafe"]
[WhiteTeamCountry "ESP"]
[BlackTeamCountry "ESP"]

1. d4 e6 2. Nf3 Nf6 3. g3 b6 4. Bg2 Bb7 5. O-O c5 6. e3 Be7 7. b3 O-O 8. Bb2
Qc7 9. c4 cxd4 10. Nxd4 a6 11. Nc3 d6 12. Bxb7 Qxb7 13. Qf3 Ra7 14. Rfd1 Rd8
15. Kg2 d5 16. cxd5 Nxd5 17. Nf5 Bf8 18. Nxd5 Rxd5 19. Rxd5 Qxd5 20. Qxd5 exd5
21. Rc1 Nd7 22. Rc8 f6 23. Ne7+ Kf7 24. Nxd5 a5 25. Bd4 Bc5 26. Bxc5 bxc5 27.
Nc3 Ke6 28. Rc6+ Ke7 29. Na4 Ne5 30. Rxc5 Nd3 31. Rd5 Nb4 32. Rd2 Rc7 33. Nb6
Ke6 34. Kf3 Rc1 35. a3 Nc6 36. Nc4 Ke7 37. a4 Rc3 38. Rd5 Rxb3 39. Nxa5 Nxa5
40. Rxa5 Kf7 41. h4 Kg6 42. h5+ Kh6 43. g4 Rb4 44. Kg3 Rb3 45. Ra7 Ra3 46. a5
Rb3 47. a6 Ra3 48. Ra8 g6 49. hxg6 hxg6 50. a7 Kg7 51. g5 f5 52. Kf3 Kh7 53.
Kf4 Ra4+ 54. e4 1-0

[Event "Madrid-chT 1920"]
[Site "Madrid"]
[Date "2020.02.02"]
[Round "7.2"]
[White "Gago Padreny, Ignacio"]
[Black "Gascon del Nogal, Jose Rafael"]
[Result "0-1"]
[WhiteElo "2306"]
[BlackElo "2441"]
[PlyCount "68"]
[EventDate "2019.11.24"]
[EventType "team-tourn"]
[EventRounds "14"]
[EventCountry "ESP"]
[SourceVersionDate "2019.11.24"]
[WhiteTeam "Getafe"]
[BlackTeam "Villalba 64"]
[WhiteTeamCountry "ESP"]
[BlackTeamCountry "ESP"]

1. d4 Nf6 2. c4 c5 3. d5 g6 4. Nc3 Bg7 5. e4 d6 6. f3 O-O 7. Nge2 e6 8. Ng3
exd5 9. cxd5 h5 10. Bg5 Qb6 11. Qd2 Nh7 12. Be3 Nd7 13. Be2 h4 14. Nf1 f5 15.
exf5 gxf5 16. Bf4 Ne5 17. Ne3 Qd8 18. Nc4 Nxc4 19. Bxc4 Re8+ 20. Kd1 a6 21. a4
Bd7 22. g3 b5 23. Bf1 b4 24. Ne2 Qf6 25. Rb1 Bxa4+ 26. b3 Bb5 27. gxh4 Ra7 28.
Ng3 Qf7 29. Bh3 Bc3 30. Nxf5 Bxd2 31. Nh6+ Kg7 32. Rg1+ Kf6 33. Bxd2 Qxd5 34.
h5 Rg7 0-1

[Event "Madrid-chT 1920"]
[Site "Madrid"]
[Date "2020.02.02"]
[Round "7.3"]
[White "Khamrakulov, Ibragim S"]
[Black "Khudov, Oleksandr"]
[Result "1-0"]
[WhiteElo "2412"]
[BlackElo "2187"]
[PlyCount "75"]
[EventDate "2019.11.24"]
[EventType "team-tourn"]
[EventRounds "14"]
[EventCountry "ESP"]
[SourceVersionDate "2019.11.24"]
[WhiteTeam "Villalba 64"]
[BlackTeam "Getafe"]
[WhiteTeamCountry "ESP"]
[BlackTeamCountry "ESP"]

1. e4 e6 2. d4 d5 3. Nd2 c5 4. Ngf3 Nc6 5. exd5 Qxd5 6. Bc4 Qd8 7. Nb3 cxd4 8.
Nbxd4 Nxd4 9. Nxd4 a6 10. O-O Nf6 11. c3 Qc7 12. Bb3 Bd6 13. h3 O-O 14. Bg5 e5
15. Bxf6 gxf6 16. Nc2 Kh8 17. Ne3 Be6 18. Bc2 Rg8 19. Qh5 Rg7 20. Nf5 Bxf5 21.
Qxf5 Qe7 22. Rad1 Rag8 23. Be4 Bc5 24. b4 Bb6 25. Rd7 Qe6 26. g4 Qxf5 27. Bxf5
Rb8 28. Rfd1 a5 29. R1d6 Ba7 30. bxa5 Bc5 31. Rd5 b6 32. a6 h5 33. Rd8+ Rg8 34.
Rxb8 Rxb8 35. Rxc5 bxc5 36. Be4 Rb2 37. a4 Ra2 38. Bc6 1-0

[Event "Madrid-chT 1920"]
[Site "Madrid"]
[Date "2020.02.02"]
[Round "7.4"]
[White "Garcia Salamero, Gabriel"]
[Black "Yashas, D."]
[Result "0-1"]
[WhiteElo "2181"]
[BlackElo "2270"]
[PlyCount "126"]
[EventDate "2019.11.24"]
[EventType "team-tourn"]
[EventRounds "14"]
[EventCountry "ESP"]
[SourceVersionDate "2019.11.24"]
[WhiteTeam "Getafe"]
[BlackTeam "Villalba 64"]
[WhiteTeamCountry "ESP"]
[BlackTeamCountry "ESP"]

1. e4 d5 2. exd5 Nf6 3. c4 e6 4. d4 exd5 5. Nc3 Bb4 6. c5 O-O 7. Be2 b6 8. cxb6
axb6 9. Nf3 Ne4 10. Bd2 Bxc3 11. Bxc3 Nxc3 12. bxc3 Nc6 13. O-O Ba6 14. Bxa6
Rxa6 15. Re1 Qd6 16. Ne5 Nxe5 17. Rxe5 Ra3 18. Qf3 c6 19. g3 b5 20. Re3 g6 21.
Qe2 Rfa8 22. Kg2 Kg7 23. h4 h5 24. Qd2 R8a7 25. Qb2 R3a4 26. Qe2 Qf6 27. Rf3
Qe7 28. Re3 Qd6 29. Kg1 Qd7 30. Re8 Qf5 31. Re7 Rxe7 32. Qxe7 Qf3 33. Qe5+ Kh7
34. Qe7 Rc4 35. Rc1 b4 36. Qe3 Qxe3 37. fxe3 Rxc3 38. Rf1 Kg7 39. Kf2 Rc2+ 40.
Kf3 Rxa2 41. Rb1 Ra4 42. Rb3 Kf6 43. Kf4 Ke6 44. g4 hxg4 45. Kxg4 Ra3 46. Rxb4
Rxe3 47. Kg5 Rg3+ 48. Kf4 Rg1 49. Rb8 f5 50. Re8+ Kf7 51. Rc8 Rg4+ 52. Ke3 Re4+
53. Kd3 Rxh4 54. Rxc6 Rh3+ 55. Ke2 f4 56. Rd6 g5 57. Rxd5 Kf6 58. Kf2 g4 59.
Ke2 Re3+ 60. Kf2 Ra3 61. Ke2 f3+ 62. Kf2 Ra2+ 63. Ke3 f2 0-1

[Event "Madrid-chT 1920"]
[Site "Madrid"]
[Date "2020.02.02"]
[Round "7.5"]
[White "Lopez del Alamo, Antonio"]
[Black "Alcazar Jimenez, Jesus Alberto"]
[Result "1-0"]
[WhiteElo "2271"]
[BlackElo "2159"]
[PlyCount "73"]
[EventDate "2019.11.24"]
[EventType "team-tourn"]
[EventRounds "14"]
[EventCountry "ESP"]
[SourceVersionDate "2019.11.24"]
[WhiteTeam "Villalba 64"]
[BlackTeam "Getafe"]
[WhiteTeamCountry "ESP"]
[BlackTeamCountry "ESP"]

1. e4 c5 2. Nf3 e6 3. d3 Nc6 4. g3 g6 5. Bg5 f6 6. Be3 b6 7. Bg2 Nge7 8. Nc3
Bg7 9. Qd2 h6 10. O-O-O e5 11. Nh4 d6 12. f4 Nd4 13. Nd5 Nxd5 14. exd5 Kf7 15.
c3 Nf5 16. Nxf5 Bxf5 17. Be4 Qd7 18. Bxf5 Qxf5 19. Qg2 exf4 20. Bxf4 g5 21. Bd2
Rae8 22. Rhf1 Qg6 23. g4 h5 24. h3 hxg4 25. hxg4 Re5 26. Be1 Re3 27. Bg3 Rxd3
28. Rde1 Bf8 29. Rf5 c4 30. Bf2 Rhh3 31. Bd4 Bg7 32. Qe4 Kg8 33. Ref1 b5 34.
Qe6+ Kh7 35. Qd7 Rxd4 36. cxd4 Kh6 37. Qxd6 1-0